Công nghệ gia công sợi hóa học
Saved in:
| Main Author: | |
|---|---|
| Format: | Book |
| Language: | Undetermined |
| Published: |
Thành phố Hồ Chí Minh
Đại học quốc gia thành phố Hồ Chí Minh
2004
|
| Subjects: | |
| Tags: |
Add Tag
No Tags, Be the first to tag this record!
|
| Institutions: | Trung tâm Học liệu Trường Đại học Cần Thơ |
|---|
| LEADER | 00653nam a2200193Ia 4500 | ||
|---|---|---|---|
| 001 | CTU_64001 | ||
| 008 | 210402s9999 xx 000 0 und d | ||
| 020 | |c 27000 | ||
| 082 | |a 677.4 | ||
| 082 | |b Tr300 | ||
| 100 | |a Huỳnh Văn trí | ||
| 245 | 0 | |a Công nghệ gia công sợi hóa học | |
| 245 | 0 | |c Huỳnh Văn Trí, Huỳnh Tiến Phong, Nguyễn Công Toàn | |
| 260 | |a Thành phố Hồ Chí Minh | ||
| 260 | |b Đại học quốc gia thành phố Hồ Chí Minh | ||
| 260 | |c 2004 | ||
| 650 | |a Textile industry | ||
| 904 | |i Hạ Nguyên,Hải | ||
| 980 | |a Trung tâm Học liệu Trường Đại học Cần Thơ | ||